000 00849nam a2200253 a 4500
001 BRCA_8475
005 20190320210311.0
008 160216s2014----mx-d######---#000-0#spa-#
020 _a9703507581 (Colección)
020 _a9786078423095
041 _aspa
044 _amx
050 4 _aGN365.4
_b.R43 2014
100 1 _aRecaman Mejía, Ana Lucía
_921230
245 1 0 _aDimensión social de la cultura. Gestión cultural para el desarrollo sostenible
_cAna Lucía Recaman Mejía y Margarita Maass Moreno.
260 _aMéxico
_bCONACULTA
_c2014
300 _a193 p.
_bil.
440 0 _aColección Intersecciones
_v33
_921231
504 _aBibliografía : p. 183-190
650 1 4 _aDifusión de la cultura
_zMéxico
_921232
651 4 _aMéxico
_xVida intelectual
_921233
700 1 _aMaass Moreno, Margarita
_ecoaut.
_921234
942 _2lcc
_cB
999 _c8142
_d8142